LEADER 01297nam a2200301 4500 001 000000367461 003 CaOOAMICUS 005 20260430152255.0 008 260427s2025 it a 000 u ita r 020 $a978-88-929867-4-9 040 $aSeMil$bita 100 1 $aBallarino, Anna.$0(OLS)http://semarc/name/124248 245 10$aMartina :$bhai risvegliato molti cuori /$cAnna Ballarino, Anna Grillo ; prefazione di Vincent Nagle. 264 1$aMilano :$bAres,$c2025. 300 $a287 p., [10] p. di tav. :$bill. ;$c21 cm 490 1 $aSmeraldi 650 4$aMalattia - Diari e memorie.$0(OLS)http://semarc/subject/48838 700 1 $aGrillo, Anna.$0(OLS)http://semarc/name/124249 700 1 $aNagle, Vincent,$d<1958- >.$0(OLS)http://semarc/name/123808 830 0$aSmeraldi.$0(OLS)http://semarc/title/16042 850 $aSeMil 852 $aSeMil$W1$xVenegono$y1$m3J II 497$j271237$B258157$CSeMilBibl$Z2$F258157 $81 941 1 $a7 961 $aOmaggio mons. Mario Delpini. ? Con dedica autografa,11 aprile 2026 996 $6020$a978-88-929867-4-9$9(OLS)http://semarc/number/305752 996 $6245$aMartina :$bhai risvegliato molti cuori$9(OLS)http://semarc/title/459399 996 $6264$aMilano :$bAres$9(OLS)http://semarc/publisher/30250